Quizzes
Events
Quiz Creation
Community
Videos
Private Events
Remove Ads
Sign In
Join for FREE
Feedback
Dark Mode
Quiz Categories
Sports
Geography
Music
Movies
Television
Just For Fun
Miscellaneous
History
Literature
Language
Science
Gaming
Entertainment
Religion
Holiday
For Kids
Quiz Lab
Recent
Popular Today
Quiz Kudos Today
Editor Picks
Curator Picks
Quizzes by...
Day
Popularity
Type
Ratings
Length
Year
Community
Subscriptions
Recent Discussions
Orange Saloon
Badges
Playlists
Quests
Create
Leaderboards
Showdown
Live 5
Trivia Bingo
Activity
Puzzle Library
Sporcle Events
Private Events
Virtual Trivia
Globe League
Become a Host
Pub Owners
SporcleCon
Opinionation
Our Games
Videos
Blog
Mobile Apps
Partnerships
Remove Ads and Go Orange
Feedback
Television
TV Characters
TV Show
Sitcom
Network
Friends
Reality Shows
Cast
South Park
Star Trek
The Simpsons
Doctor Who
Television
TV Characters
TV Show
Sitcom
Network
Friends
Reality Shows
Cast
South Park
Star Trek
The Simpsons
Doctor Who
Random Quiz
Search Sporcle
×
Quiz Lab
Quiz Lab
Television
Celebrity
Type in answers that appear in a list
Type in answers that appear in a list
Classic
Best Score? Go Orange.
RuPaul's Drag Race Snatch Game Stats
Can you name the celebrity each RuPaul's Drag Race contestant portrayed during Snatch Game?
By
nsd354
5m
36 Questions
4,401 Plays
4,401 Plays
4,401 Plays
Comments
Comments
Give Quiz Kudos
Give Quiz Kudos
-
- Ratings
hide this ad
Replay
Link that replays current quiz
Next Quiz
Link to next quiz in quiz playlist
You Got
0%
They Got
Avg Score
72%
Avg Friend Score
Upgrade to see
Score Distribution
Jump to the score distribution portion of the page
Score
0/36
Timer
05:00
0
Plays Today
Season
Celebrity
% Correct
Season 3
Cher
94%
Season 4
Cher
94%
Season 2
Beyoncé
91.6%
Season 4
Beyoncé
91.6%
Season 2
Lady Gaga
87.8%
Season 4
Lady Gaga
87.8%
Season 2
Britney Spears
87.4%
Season 4
Michelle Visage
86.3%
Season 5
Little Edie
84.9%
Season 3
Tyra Banks
84.2%
Season 5
Katy Perry
80.5%
Season 5
Lady Bunny
79.6%
Season 5
Ke$ha
79.1%
Season 2
Pink
79%
Season 5
Janet Jackson
75.7%
Season 2
RuPaul
75.6%
Season 4
Snooki
75.3%
Season 3
Mo'Nique
75.2%
Season
Celebrity
% Correct
Season 4
Jessica Simpson
73.2%
Season 5
Taylor Swift
72.8%
Season 2
Carol Channing
71.9%
Season 4
Aretha Franklin
71.6%
Season 5
Marilyn Monroe
69.8%
Season 5
Tamar Braxton
69%
Season 4
Diana Ross
68.7%
Season 3
Alicia Keys
66.2%
Season 2
Paris Hilton
64.7%
Season 3
Amy Winehouse
62.2%
Season 3
Jennifer Lopez
59.3%
Season 3
Imelda Marcos
58.4%
Season 3
Tina Turner
57.9%
Season 3
Joan Crawford
53.9%
Season 4
Wendy Williams
53.8%
Season 2
Whitney Houston
49.6%
Season 5
Celia Cruz
45.4%
Season 2
Kimora Lee Simmons
40.4%
Quiz Playlist
Details
Report
Send in Message
Add To Playlist
Classic:
Type in answers that appear in a list
Last Updated: Sep 14, 2018
Quiz Scoreboard
CHALLENGE
Sign Up to Join the Scoreboard
Show All
Scores
Hide
Comments
May contain spoilers
Recently Published
Pick 6: Fruits
by JohnFran
Miscellaneous
15s
Click the 1999 NBA Draft
by nibperrychub
Sports
2m
Alphabetical 'K' Countries by Flag Minefield
by ylime102
Geography
3m
More to Explore
Quiz From the Vault
Featured Blog Post
15 Basketball Trivia Facts You Can Be March Mad About
hide this ad
You Might Also Like...
Tags
Celebrity Quiz
Drag
Rupaul's Drag Race
snatch
Today's Top Quizzes in Television
Browse Television
hide this ad
Today's Top Quizzes in Celebrity
Browse Celebrity
Top Contributed Quizzes in Television
1
One Piece Logic Puzzle
2
First Name TV: Leading Men
3
Hidden Simpsons Character XXIV
4
Hidden Simpsons Character
5
Pick A Pair: Religious TV
6
Best of Ross
7
First Name TV: Leading Women Drama
8
Demon Slayer Impossible Quiz
9
Hidden Simpsons Character XXV
10
Hidden Simpsons Character XXVI
Explore More
Trending Topics
Crossword
Kpop
NBA
Harry Potter
Anime
Marvel
Disney
The Office
Country
Pokémon
WWE
NFL
Soccer
Puzzle
Song
hide this ad
More By:
nsd354
Quiz
Plays
Rating
Category
Featured
Created
Almost Equatorial Capitals
27,872
4.38
Geography
Sep 26, 2009
World Capital Locator II
8,293
4.10
Geography
Oct 5, 2009
RuPaul's Drag Race Snatch Game
4,401
4.00
Television
Apr 29, 2013
US Presidents by Cause of Death
3,910
4.51
History
Oct 14, 2009
World Capital Locator
3,887
4.20
Geography
Oct 4, 2009
Go to Creator's Profile
Score Distribution
Quiz Creator Spotlight
nsd354
Follow
Send a Message
Quizzes Created
-
Created Quiz Play Count
-
More By This Creator
Popular Quizzes Today
1
Find the US States - No Outlines Minefield
2
Countries of Asia Without Outlines Minefield
3
Pick 6: Fruits
4
The Countries of the World
5
Alphabetical 'K' Countries by Flag Minefield
6
Click the 1999 NBA Draft
7
Find the US States
8
Match the Book to the Film X
More Television Quizzes
Defeat Means Friendship - JoJo's Bizarre Adventure
Quiz Lab
Trending Quizzes
Pick 6: Harry Potter
Pick 6: Mountains
Pick 6: NFL Teams
Pick 6: Movie Franchises
Pick 6: Golfers
Recently Updated
Women's Final Four Teams by Year
bhenderson79
Presidents Quartet II
eogle
Anything But Clue(do)
eogle
Anything But Oceanian Capitals
eogle
Anything But 7
eogle
Anything But Thing
eogle
Word Ladder: February 29
pecheneg
Song Title Questions
pecheneg
Women's NCAA Tournament #1 Seeds
pecheneg
Celebrity Mug Shots
pecheneg
Trending Topics
Anime
Kpop
Crossword
Marvel
Disney
Harry Potter
NBA
Pokémon
WWE
Song
Soccer
Puzzle
NFL
The Office
Country
Your Account Isn't Verified!
In order to create a playlist on Sporcle, you need to verify the email address you used during registration. Go to your
Sporcle Settings
to finish the process.
Report this User
Report this user for behavior that violates our
Community Guidelines
.
Details:
Send Report
Go to the Sporcle.com Mobile Site →
Comments